000 00867nam0a22002531 4500
001 v19\rc\1434499
005 20250618132413.0
035 _a(NLR Aleph) 004579548
090 _a2510627
_c2510627
100 _a20060620d1866 |||y0rusy50 ca
101 0 _arus
102 _aRU
105 _ay b |||||
200 1 _aКаталог Художественной выставки стеклянных фотографий от придворного фотографа Ц.А. Лау
210 _aРига
_d1866
215 _a[3], 37 с.
_d16
702 1 _aЛау
_bЦ.А.
_4570
710 1 2 _aХудожественная выставка стеклянных фотографий Ц.А. Лау
_f1866
_eРига
801 0 _aRU
_bNLR
_gpsbo
801 0 _aRU
_bRuMoRGB
_2psbo
801 1 _aRU
_bProSoft-M
_2rusmarc
852 _aNLR
_j18.54.3.154
942 _cBOOK
980 _aNB